00854 a2200193 4500003000500000005001700005020001500022040000900037082001500046100002800061245009200089260003400181300001800215505021500233650004400448942002400492999001900516952012500535Nust20221121113452.0 a8121908930 cNust a515.35,RAI aRaisinghania .M.D98775 aAdvanced Differential EquationsbIncluding Boundary Value Problems / cM.D.Raisinghania aNew DelhibS,Chand & Coc2005 a434,370,178:p aPart-1: Ordinary Differential Equations (Page1-434), Part-2: Partial Differential Equations (Page1-370), Part-3: Boundary Value Problems (Page1-175), Part-4: Laplace Transform and its Applications (Page 3- 53). aAdvanced Differential Equations9103248 2ddccBKk515.35,RAI c180817d180817 00102ddc4070aMCSbMCScGENd2016-12-12o515.35,RAIpMCS32554r2016-12-08w2016-12-12yBKzAlmirah No.13, Shelf No. 4